[Event "Nationale pupillendag 2013"]
[Site "Roosendaal"]
[Date "2013.06.15"]
[Round "5.15"]
[White "Sahin, Loran"]
[Black "Van der Noordaa, Joost"]
[Result "1-0"]
[LiveChessVersion "1.4.2"]
[BlackElo "349"]
[WhiteElo "543"]

1. d4 {[%clk 0:19:57]} d6 {[%clk 0:19:59]} 2. e4 {[%clk 0:19:53]} Nf6
{[%clk 0:19:55]} 3. Nf3 {[%clk 0:19:50]} Nxe4 {[%clk 0:19:51]} 4. Qe2
{[%clk 0:19:43]} Nf6 {[%clk 0:19:48]} 5. g3 {[%clk 0:19:36]} g6 {[%clk 0:19:46]}
6. Nc3 {[%clk 0:19:33]} Bg7 {[%clk 0:19:44]} 7. Bg5 {[%clk 0:19:24]} O-O
{[%clk 0:19:42]} 8. Bxf6 {[%clk 0:19:21]} Bxf6 {[%clk 0:19:40]} 9. O-O-O
{[%clk 0:19:06]} Bf5 {[%clk 0:19:33]} 10. Nd5 {[%clk 0:18:48]} Bg7
{[%clk 0:19:26]} 11. Nxe7+ {[%clk 0:18:40]} Kh8 {[%clk 0:19:18]} 12. Nxf5
{[%clk 0:18:25]} gxf5 13. Bh3 Qd7 {[%clk 0:19:02]} 14. Nh4 {[%clk 0:18:04]} Bxd4
{[%clk 0:18:44]} 15. Bxf5 {[%clk 0:17:52]} Qc6 {[%clk 0:18:37]} 16. Qe7
{[%clk 0:17:23]} Re8 {[%clk 0:18:32]} 17. Qxf7 {[%clk 0:17:10]} Na6
{[%clk 0:18:25]} 18. Qxh7# {[%clk 0:17:06]} 1-0

[Event "Nationale pupillendag 2013"]
[Site "Roosendaal"]
[Date "2013.06.15"]
[Round "5.16"]
[White "Kentstra, Thomas"]
[Black "Heemskerk, Eline"]
[Result "1-0"]
[LiveChessVersion "1.4.2"]
[BlackElo "296"]
[WhiteElo "564"]

1. e4 {[%clk 0:19:57]} e6 {[%clk 0:19:59]} 2. d4 {[%clk 0:19:51]} e5
{[%clk 0:19:56]} 3. dxe5 {[%clk 0:19:44]} Bc5 {[%clk 0:19:52]} 4. Bc4
{[%clk 0:19:37]} Bb6 {[%clk 0:19:45]} 5. Nf3 {[%clk 0:19:27]} Qe7
{[%clk 0:19:26]} 6. Nc3 {[%clk 0:19:11]} d5 {[%clk 0:19:20]} 7. exd5
{[%clk 0:19:01]} Qc5 {[%clk 0:19:10]} 8. Qe2 {[%clk 0:18:47]} c6 {[%clk 0:18:41]}
9. dxc6 {[%clk 0:18:38]} Nxc6 {[%clk 0:18:38]} 10. Ng5 {[%clk 0:18:14]} Ba5
{[%clk 0:18:20]} 11. Bd2 {[%clk 0:17:41]} Qe7 {[%clk 0:17:50]} 12. Nxf7 Qf6
{[%clk 0:17:10]} 13. exf6+ {[%clk 0:17:28]} Nce7 14. Nxh8 gxf6 {[%clk 0:16:34]}
15. Bb5+ {[%clk 0:16:15]} Bd7 {[%clk 0:16:27]} 16. Bxd7+ {[%clk 0:16:03]} Kxd7
{[%clk 0:16:20]} 17. Qd3+ {[%clk 0:15:58]} Ke8 {[%clk 0:16:14]} 18. Qb5+
{[%clk 0:15:52]} Kf8 {[%clk 0:16:08]} 19. Qxb7 {[%clk 0:15:43]} Re8
{[%clk 0:16:00]} 20. O-O-O {[%clk 0:14:57]} Bxc3 21. Bxc3 Rd8 {[%clk 0:15:29]}
22. Rxd8+ {[%clk 0:14:51]} Kg7 {[%clk 0:15:24]} 23. Re1 {[%clk 0:14:13]} Kxh8
{[%clk 0:14:56]} 24. Rxe7 h5 {[%clk 0:14:37]} 25. Rh7# {[%clk 0:14:04]} 1-0

[Event "Nationale pupillendag 2013"]
[Site "Roosendaal"]
[Date "2013.06.15"]
[Round "5.19"]
[White "Zubair, Muhammad Saad"]
[Black "Tran, Kimmily"]
[Result "1-0"]
[LiveChessVersion "1.4.2"]
[BlackElo "457"]
[WhiteElo "359"]

1. Nf3 {[%clk 0:18:24]} e5 {[%clk 0:19:58]} 2. Nxe5 {[%clk 0:18:21]} Bc5
{[%clk 0:19:50]} 3. d4 {[%clk 0:18:17]} Bb4+ {[%clk 0:19:47]} 4. c3
{[%clk 0:18:16]} Bd6 5. Bf4 {[%clk 0:17:45]} Bxe5 {[%clk 0:19:16]} 6. Bxe5
{[%clk 0:17:41]} d6 {[%clk 0:19:15]} 7. Bxg7 {[%clk 0:17:39]} Bf5
{[%clk 0:18:37]} 8. Bxh8 {[%clk 0:17:37]} Nc6 {[%clk 0:18:24]} 9. g3
{[%clk 0:17:12]} Qd7 {[%clk 0:18:07]} 10. Bg2 {[%clk 0:16:56]} O-O-O
{[%clk 0:17:52]} 11. O-O {[%clk 0:16:52]} Nge7 {[%clk 0:17:28]} 12. Bf6
{[%clk 0:16:49]} Be6 {[%clk 0:16:05]} 13. Bxe7 {[%clk 0:16:43]} Qxe7
{[%clk 0:15:50]} 14. Bxc6 {[%clk 0:16:24]} bxc6 {[%clk 0:15:41]} 15. Qd3
{[%clk 0:16:00]} Kd7 {[%clk 0:15:23]} 16. Qxh7 {[%clk 0:15:46]} f6
{[%clk 0:14:47]} 17. Qxe7+ {[%clk 0:15:43]} Kxe7 {[%clk 0:14:43]} 18. Nd2
{[%clk 0:15:17]} Kd7 {[%clk 0:13:44]} 19. Ne4 {[%clk 0:15:14]} Rf8
{[%clk 0:13:30]} 20. f3 {[%clk 0:14:51]} Bh3 {[%clk 0:13:03]} 21. Rfd1
{[%clk 0:14:45]} f5 {[%clk 0:12:58]} 22. Ng5 {[%clk 0:14:42]} Rh8
{[%clk 0:12:36]} 23. Nxh3 {[%clk 0:14:36]} Rxh3 {[%clk 0:12:33]} 24. Kg2
{[%clk 0:14:34]} Rh6 {[%clk 0:12:19]} 25. g4 {[%clk 0:14:34]} Rg6
{[%clk 0:12:11]} 26. h3 {[%clk 0:14:29]} a5 {[%clk 0:11:30]} 27. Kf2
{[%clk 0:14:22]} f4 {[%clk 0:11:22]} 28. h4 {[%clk 0:14:18]} Rh6 {[%clk 0:11:11]}
29. Rh1 {[%clk 0:14:11]} a4 {[%clk 0:10:37]} 30. g5 {[%clk 0:14:09]} Rh8
{[%clk 0:10:24]} 31. h5 {[%clk 0:14:00]} Ke7 {[%clk 0:10:21]} 32. g6
{[%clk 0:13:59]} Kf8 {[%clk 0:10:16]} 33. h6 {[%clk 0:13:50]} Kg8
{[%clk 0:10:03]} 34. h7+ {[%clk 0:13:48]} Kg7 {[%clk 0:09:57]} 35. Rhg1
{[%clk 0:13:39]} c5 {[%clk 0:09:28]} 36. dxc5 {[%clk 0:13:29]} dxc5
{[%clk 0:09:25]} 37. b4 {[%clk 0:13:26]} cxb4 {[%clk 0:09:07]} 38. cxb4
{[%clk 0:13:26]} Rb8 {[%clk 0:08:49]} 39. Rad1 {[%clk 0:13:18]} Rxb4
{[%clk 0:08:24]} 40. Rd7+ {[%clk 0:13:16]} Kh8 {[%clk 0:08:01]} 41. g7+
{[%clk 0:13:13]} Kxh7 {[%clk 0:07:55]} 42. g8=Q+ Kh6 {[%clk 0:07:44]} 43. Rh1#
1-0

[Event "Nationale pupillendag 2013"]
[Site "Roosendaal"]
[Date "2013.06.15"]
[Round "5.20"]
[White "Han, Yichen"]
[Black "Occhipinti, Livio"]
[Result "1-0"]
[LiveChessVersion "1.4.2"]
[BlackElo "273"]
[WhiteElo "373"]

1. e4 {[%clk 0:19:58]} e5 {[%clk 0:19:59]} 2. Nf3 {[%clk 0:19:57]} Nc6
{[%clk 0:19:57]} 3. Bc4 {[%clk 0:19:55]} Nf6 {[%clk 0:19:55]} 4. Ng5
{[%clk 0:19:54]} h6 {[%clk 0:19:53]} 5. Nxf7 {[%clk 0:19:51]} Qe7
{[%clk 0:19:49]} 6. Nxh8 {[%clk 0:19:47]} Nxe4 {[%clk 0:19:44]} 7. Bf7+
{[%clk 0:19:21]} Kd8 {[%clk 0:19:40]} 8. Qe2 {[%clk 0:19:08]} Ng5
{[%clk 0:19:32]} 9. Bd5 {[%clk 0:19:03]} Nb4 {[%clk 0:19:23]} 10. Na3
{[%clk 0:18:53]} Nxd5 {[%clk 0:19:18]} 11. Ng6 {[%clk 0:18:37]} Qf6
{[%clk 0:19:15]} 12. Nxe5 {[%clk 0:18:29]} Bxa3 13. bxa3 {[%clk 0:18:20]} d6
{[%clk 0:19:09]} 14. d4 {[%clk 0:18:10]} dxe5 {[%clk 0:19:06]} 15. dxe5
{[%clk 0:18:05]} Qb6 {[%clk 0:18:57]} 16. O-O {[%clk 0:17:48]} Nc3
{[%clk 0:18:53]} 17. Qd3+ {[%clk 0:17:39]} Bd7 {[%clk 0:18:46]} 18. Qxc3
{[%clk 0:17:32]} Ne4 {[%clk 0:18:43]} 19. Qf3 {[%clk 0:17:12]} Ng5
{[%clk 0:18:36]} 20. Qf8+ {[%clk 0:17:05]} Be8 {[%clk 0:18:35]} 21. Bxg5+
{[%clk 0:16:55]} hxg5 {[%clk 0:18:30]} 22. Qxg7 {[%clk 0:16:50]} Bb5
{[%clk 0:18:21]} 23. Rfd1+ {[%clk 0:16:45]} Ke8 {[%clk 0:18:13]} 24. Qg8+
{[%clk 0:16:32]} Ke7 {[%clk 0:18:09]} 25. Qxa8 {[%clk 0:16:26]} Be2
{[%clk 0:18:05]} 26. Qd8+ {[%clk 0:16:16]} Ke6 {[%clk 0:18:01]} 27. Qd7+
{[%clk 0:16:06]} Kxe5 {[%clk 0:17:53]} 28. Rd5+ Ke4 {[%clk 0:17:46]} 29. Re1
{[%clk 0:15:47]} Kf4 {[%clk 0:17:36]} 30. Qf5# {[%clk 0:15:44]} Kxf5 1-0

[Event "Nationale pupillendag 2013"]
[Site "Roosendaal"]
[Date "2013.06.15"]
[Round "6.1"]
[White "Nguyen, Lucas"]
[Black "Muntean, Victor"]
[Result "1-0"]
[LiveChessVersion "1.4.2"]
[BlackElo "961"]
[WhiteElo "1104"]

1. e4 {[%clk 0:19:59]} e5 {[%clk 0:19:55]} 2. Nf3 {[%clk 0:19:57]} Nc6
{[%clk 0:19:45]} 3. d4 {[%clk 0:19:46]} exd4 {[%clk 0:19:40]} 4. Nxd4
{[%clk 0:19:44]} Nf6 {[%clk 0:19:38]} 5. Nxc6 {[%clk 0:19:27]} dxc6
{[%clk 0:19:33]} 6. Qxd8+ {[%clk 0:19:24]} Kxd8 {[%clk 0:19:30]} 7. e5
{[%clk 0:19:23]} Nd5 {[%clk 0:19:26]} 8. Bc4 {[%clk 0:19:20]} Bf5
{[%clk 0:19:22]} 9. Bxd5 {[%clk 0:19:16]} cxd5 {[%clk 0:19:20]} 10. Bg5+
{[%clk 0:19:14]} Be7 {[%clk 0:19:16]} 11. Bxe7+ {[%clk 0:19:09]} Kxe7
{[%clk 0:19:12]} 12. Na3 {[%clk 0:19:06]} Kd7 {[%clk 0:19:10]} 13. O-O-O
{[%clk 0:19:01]} c6 {[%clk 0:19:07]} 14. Nc4 {[%clk 0:19:00]} Kc7
{[%clk 0:19:01]} 15. Nd6 {[%clk 0:18:58]} g6 {[%clk 0:18:57]} 16. f4
{[%clk 0:18:36]} f6 {[%clk 0:18:39]} 17. Rhe1 {[%clk 0:18:19]} fxe5
{[%clk 0:18:33]} 18. fxe5 {[%clk 0:18:18]} Bg4 {[%clk 0:18:15]} 19. Rd2
{[%clk 0:18:08]} Rhf8 {[%clk 0:18:04]} 20. h3 {[%clk 0:17:27]} Be6
{[%clk 0:17:51]} 21. Rde2 {[%clk 0:17:02]} d4 {[%clk 0:17:41]} 22. a3
{[%clk 0:16:54]} Rf4 {[%clk 0:17:17]} 23. Rd2 {[%clk 0:15:43]} Raf8
{[%clk 0:17:08]} 24. Ne4 {[%clk 0:14:51]} Rf1 {[%clk 0:16:52]} 25. Kd1
{[%clk 0:13:52]} Rxe1+ {[%clk 0:16:35]} 26. Kxe1 {[%clk 0:13:48]} Bd5
{[%clk 0:16:33]} 27. Rxd4 {[%clk 0:13:21]} Re8 {[%clk 0:16:17]} 28. Kf2
{[%clk 0:12:04]} Rxe5 {[%clk 0:16:13]} 29. Nc3 {[%clk 0:11:36]} Rf5+
{[%clk 0:16:02]} 30. Kg1 {[%clk 0:11:28]} Rg5 {[%clk 0:15:49]} 31. Rd2
{[%clk 0:11:17]} Be6 {[%clk 0:15:23]} 32. Kh2 {[%clk 0:11:13]} Rh5
{[%clk 0:15:14]} 33. Re2 {[%clk 0:11:10]} Bd5 {[%clk 0:15:05]} 34. Nxd5+
{[%clk 0:10:27]} cxd5 {[%clk 0:14:57]} 35. Re7+ {[%clk 0:10:26]} Kc6
{[%clk 0:14:54]} 36. g4 {[%clk 0:10:13]} Rh4 {[%clk 0:14:35]} 37. Kg3
{[%clk 0:10:11]} g5 {[%clk 0:14:33]} 38. Re5 {[%clk 0:10:01]} Rh6
{[%clk 0:14:17]} 39. Rxg5 {[%clk 0:09:52]} Re6 {[%clk 0:14:12]} 40. Kf2
{[%clk 0:09:47]} Rf6+ {[%clk 0:14:07]} 41. Rf5 {[%clk 0:09:37]} Re6
{[%clk 0:14:00]} 42. g5 {[%clk 0:09:35]} Re4 {[%clk 0:13:49]} 43. Rf7
{[%clk 0:08:59]} Rh4 {[%clk 0:13:36]} 44. Rf6+ {[%clk 0:08:39]} Kc5
{[%clk 0:13:27]} 45. Rh6 {[%clk 0:08:38]} Rxh6 {[%clk 0:13:10]} 46. gxh6
{[%clk 0:08:36]} d4 {[%clk 0:13:06]} 47. Kf3 {[%clk 0:08:05]} Kd5
{[%clk 0:13:03]} 48. Kf4 {[%clk 0:08:03]} Kd6 {[%clk 0:12:52]} 49. Ke4
{[%clk 0:07:31]} Ke6 {[%clk 0:12:37]} 50. Kxd4 {[%clk 0:07:30]} Kd6
{[%clk 0:12:35]} 51. c4 {[%clk 0:07:18]} b6 {[%clk 0:12:33]} 52. b4
{[%clk 0:07:17]} a6 {[%clk 0:12:27]} 53. c5+ {[%clk 0:07:13]} bxc5+
{[%clk 0:12:24]} 54. bxc5+ {[%clk 0:07:12]} Kd7 {[%clk 0:12:22]} 55. Kd5
{[%clk 0:07:11]} Kc7 {[%clk 0:12:16]} 56. c6 {[%clk 0:07:09]} Kd8
{[%clk 0:12:15]} 57. Kd6 {[%clk 0:07:08]} Kc8 {[%clk 0:12:03]} 58. c7
{[%clk 0:07:07]} a5 {[%clk 0:11:54]} 59. a4 {[%clk 0:07:06]} Kb7 {[%clk 0:11:53]}
60. Kd7 {[%clk 0:07:03]} Kb6 {[%clk 0:11:51]} 61. c8=Q Ka7 {[%clk 0:11:45]} 62.
Qh8 {[%clk 0:06:37]} Kb7 {[%clk 0:11:42]} 63. Qxh7 {[%clk 0:06:35]} Kb6
{[%clk 0:11:40]} 64. Qg6+ {[%clk 0:06:33]} Kc5 {[%clk 0:11:38]} 65. h7
{[%clk 0:06:31]} Kd5 {[%clk 0:11:36]} 66. h8=Q Kc4 {[%clk 0:11:23]} 67. Qh4+
{[%clk 0:06:19]} Kc3 {[%clk 0:11:19]} 68. Qgg3+ {[%clk 0:06:18]} Kd2
{[%clk 0:11:17]} 69. Qd4+ {[%clk 0:06:16]} Ke2 {[%clk 0:11:15]} 70. Qdf2+
{[%clk 0:06:14]} Kd1 {[%clk 0:11:13]} 71. Qgg1# 1-0

[Event "Nationale pupillendag 2013"]
[Site "Roosendaal"]
[Date "2013.06.15"]
[Round "6.2"]
[White "Rutjens, Mika"]
[Black "Schoppen, Jochem"]
[Result "0-1"]
[LiveChessVersion "1.4.2"]
[BlackElo "947"]
[WhiteElo "613"]

1. e4 {[%clk 0:20:00]} c5 {[%clk 0:20:00]} 2. Nf3 {[%clk 0:19:58]} d6
{[%clk 0:19:59]} 3. d4 {[%clk 0:19:57]} cxd4 {[%clk 0:19:58]} 4. Nxd4
{[%clk 0:19:55]} Nf6 {[%clk 0:19:56]} 5. Nc3 {[%clk 0:19:52]} g6 {[%clk 0:19:53]}
6. Bb5+ {[%clk 0:19:44]} Bd7 {[%clk 0:19:51]} 7. Bxd7+ {[%clk 0:19:42]} Nbxd7
{[%clk 0:19:50]} 8. Bg5 {[%clk 0:19:34]} e5 {[%clk 0:19:47]} 9. Nf3
{[%clk 0:19:22]} Bg7 {[%clk 0:19:38]} 10. O-O {[%clk 0:19:10]} Qb6
{[%clk 0:19:31]} 11. Bxf6 {[%clk 0:18:41]} Nxf6 {[%clk 0:19:28]} 12. b3
{[%clk 0:18:35]} Qb4 {[%clk 0:19:22]} 13. Nd5 {[%clk 0:18:22]} Nxd5
{[%clk 0:19:09]} 14. exd5 {[%clk 0:18:20]} e4 {[%clk 0:19:04]} 15. Nd2
{[%clk 0:18:07]} Bxa1 {[%clk 0:18:59]} 16. Qe2 {[%clk 0:17:37]} Be5
{[%clk 0:18:43]} 17. Nxe4 {[%clk 0:17:21]} O-O {[%clk 0:18:29]} 18. Nd2
{[%clk 0:17:04]} Qf4 {[%clk 0:18:19]} 19. g3 {[%clk 0:16:56]} Qf5
{[%clk 0:18:09]} 20. Re1 {[%clk 0:16:29]} Qxc2 {[%clk 0:18:02]} 21. Nf3
{[%clk 0:16:21]} Qxe2 {[%clk 0:17:50]} 22. Rxe2 {[%clk 0:16:18]} Rfe8
{[%clk 0:17:48]} 23. Nxe5 {[%clk 0:16:12]} Rxe5 24. Rxe5 {[%clk 0:16:06]} dxe5
{[%clk 0:17:45]} 25. Kg2 {[%clk 0:16:01]} Rd8 {[%clk 0:17:43]} 26. Kf3
{[%clk 0:15:57]} Rxd5 {[%clk 0:17:41]} 27. Ke4 {[%clk 0:15:56]} Rb5
{[%clk 0:17:36]} 28. a4 {[%clk 0:15:41]} f5+ {[%clk 0:17:31]} 29. Ke3
{[%clk 0:15:36]} Rxb3+ {[%clk 0:17:29]} 30. Ke2 {[%clk 0:15:34]} b5
{[%clk 0:17:24]} 31. axb5 {[%clk 0:15:31]} Rxb5 {[%clk 0:17:23]} 32. Ke3
{[%clk 0:15:26]} a5 {[%clk 0:17:21]} 33. f4 {[%clk 0:15:24]} e4 {[%clk 0:17:20]}
34. Kd2 {[%clk 0:15:19]} a4 {[%clk 0:17:19]} 35. Kc3 Rb8 36. Kd4 a3 37. Ke5
{[%clk 0:14:58]} a2 {[%clk 0:17:17]} 38. Kd6 {[%clk 0:14:55]} a1=Q
{[%clk 0:17:11]} 39. Kc7 {[%clk 0:14:52]} Qa7+ {[%clk 0:17:09]} 40. Kc6
{[%clk 0:14:49]} Rb6+ {[%clk 0:17:08]} 41. Kd5 {[%clk 0:14:42]} Qa5+
{[%clk 0:17:07]} 42. Kd4 {[%clk 0:14:40]} Rb4+ {[%clk 0:17:06]} 43. Ke3
{[%clk 0:14:34]} Qa3+ {[%clk 0:17:05]} 44. Kf2 {[%clk 0:14:32]} Rb2+
{[%clk 0:17:04]} 45. Kg1 0-1

[Event "Nationale pupillendag 2013"]
[Site "Roosendaal"]
[Date "2013.06.15"]
[Round "6.3"]
[White "Kentstra, Marc"]
[Black "Sagynay, Inzhu"]
[Result "1-0"]
[LiveChessVersion "1.4.2"]
[BlackElo "560"]
[WhiteElo "647"]

1. e4 {[%clk 0:19:59]} e5 {[%clk 0:19:59]} 2. Nf3 {[%clk 0:19:57]} Nc6
{[%clk 0:19:57]} 3. d4 {[%clk 0:19:55]} exd4 {[%clk 0:19:53]} 4. Nxd4
{[%clk 0:19:52]} Bc5 {[%clk 0:19:49]} 5. Be3 {[%clk 0:19:50]} Qf6
{[%clk 0:19:42]} 6. c3 {[%clk 0:19:48]} Nge7 {[%clk 0:19:23]} 7. Bc4
{[%clk 0:19:43]} d6 {[%clk 0:18:20]} 8. O-O {[%clk 0:19:36]} O-O {[%clk 0:18:16]}
9. Nb5 {[%clk 0:18:43]} Bg4 {[%clk 0:15:31]} 10. Qxg4 {[%clk 0:17:51]} Rac8
{[%clk 0:14:42]} 11. Nd2 {[%clk 0:17:36]} Ne5 {[%clk 0:13:59]} 12. Qe2
{[%clk 0:17:26]} a6 {[%clk 0:11:01]} 13. Na3 {[%clk 0:17:07]} Bxa3
{[%clk 0:10:36]} 14. bxa3 {[%clk 0:17:02]} Nxc4 {[%clk 0:09:11]} 15. Qxc4
{[%clk 0:16:46]} b5 {[%clk 0:09:04]} 16. Qb4 {[%clk 0:16:29]} c5 {[%clk 0:07:27]}
17. Qb2 {[%clk 0:16:14]} Rb8 {[%clk 0:06:21]} 18. Qc2 {[%clk 0:14:04]} Nc6
{[%clk 0:03:18]} 19. c4 {[%clk 0:13:47]} Rfe8 {[%clk 0:01:51]} 20. cxb5
{[%clk 0:12:49]} axb5 {[%clk 0:01:48]} 21. Rab1 {[%clk 0:12:05]} Qg6
{[%clk 0:00:50]} 22. a4 {[%clk 0:11:57]} d5 {[%clk 0:00:29]} 23. axb5
{[%clk 0:11:50]} Na7 {[%clk 0:00:23]} 24. Bxc5 {[%clk 0:11:28]} Nxb5
{[%clk 0:00:06]} 25. a4 {[%clk 0:11:26]} Na7 {[%clk 0:00:05]} 26. Bxa7
{[%clk 0:11:21]} Rxb1 {[%clk 0:00:04]} 27. Rxb1 {[%clk 0:11:12]} dxe4
{[%clk 0:00:03]} 28. Rb8 {[%clk 0:11:05]} Rxb8 {[%clk 0:00:01]} 29. Bxb8
{[%clk 0:11:04]} Kf8 {[%clk 0:00:00]} 1-0

[Event "Nationale pupillendag 2013"]
[Site "Roosendaal"]
[Date "2013.06.15"]
[Round "6.4"]
[White "Van Dael, Siem"]
[Black "Wijtsma, Aurelius"]
[Result "1-0"]
[LiveChessVersion "1.4.2"]
[BlackElo "622"]
[WhiteElo "1454"]

1. e4 {[%clk 0:19:51]} e5 {[%clk 0:19:59]} 2. Nf3 {[%clk 0:19:48]} Nc6
{[%clk 0:19:58]} 3. Bc4 {[%clk 0:19:45]} Nf6 {[%clk 0:19:57]} 4. d3
{[%clk 0:19:44]} Bb4+ {[%clk 0:19:44]} 5. Nc3 {[%clk 0:19:38]} O-O 6. a3 Bxc3+ 7.
bxc3 d6 {[%clk 0:19:16]} 8. Bg5 {[%clk 0:19:34]} Bg4 {[%clk 0:19:10]} 9. d4
{[%clk 0:19:30]} Re8 10. d5 Na5 11. Bd3 c6 {[%clk 0:18:12]} 12. c4
{[%clk 0:19:23]} Qe7 {[%clk 0:17:29]} 13. h3 {[%clk 0:19:16]} Bh5
{[%clk 0:17:23]} 14. O-O {[%clk 0:19:10]} Rac8 {[%clk 0:16:53]} 15. Bd2
{[%clk 0:18:45]} b6 {[%clk 0:16:35]} 16. Bxa5 {[%clk 0:18:38]} bxa5
{[%clk 0:16:31]} 17. Kh1 {[%clk 0:18:21]} c5 18. g4 Bg6 {[%clk 0:16:16]} 19. Re1
{[%clk 0:18:17]} h6 {[%clk 0:16:14]} 20. Nh4 {[%clk 0:18:09]} Bh7
{[%clk 0:16:07]} 21. Nf5 {[%clk 0:18:07]} Bxf5 {[%clk 0:16:02]} 22. gxf5
{[%clk 0:18:04]} Rb8 {[%clk 0:15:51]} 23. Rg1 {[%clk 0:17:53]} Kh8
{[%clk 0:15:47]} 24. Qd2 {[%clk 0:17:45]} Qc7 {[%clk 0:15:22]} 25. Rg2
{[%clk 0:17:31]} Rg8 {[%clk 0:15:17]} 26. Rag1 {[%clk 0:17:24]} Nh5
{[%clk 0:15:07]} 27. Rg4 {[%clk 0:16:56]} Nf4 {[%clk 0:14:57]} 28. Bf1
{[%clk 0:15:35]} Rb2 {[%clk 0:14:39]} 29. Qc3 {[%clk 0:15:03]} Rb1 30. Qg3 Nh5
31. Qh4 Nf6 {[%clk 0:13:41]} 32. Rxg7 {[%clk 0:14:34]} Rxg7 {[%clk 0:13:22]} 33.
Qxh6+ {[%clk 0:14:32]} Rh7 {[%clk 0:12:29]} 34. Qf8+ {[%clk 0:14:26]} Ng8
{[%clk 0:12:22]} 35. Rxg8# 1-0

[Event "Nationale pupillendag 2013"]
[Site "Roosendaal"]
[Date "2013.06.15"]
[Round "6.5"]
[White "Sealy, Dylan"]
[Black "Vlad, Mihnea"]
[Result "1-0"]
[LiveChessVersion "1.4.2"]
[BlackElo "723"]
[WhiteElo "781"]

1. e4 {[%clk 0:19:59]} e5 {[%clk 0:20:00]} 2. Nf3 {[%clk 0:19:57]} Nc6
{[%clk 0:19:49]} 3. d4 {[%clk 0:19:56]} f6 {[%clk 0:19:34]} 4. Bb5
{[%clk 0:19:40]} Qe7 {[%clk 0:19:31]} 5. Be3 {[%clk 0:19:29]} exd4
{[%clk 0:19:28]} 6. Bxd4 {[%clk 0:19:23]} Qxe4+ {[%clk 0:19:25]} 7. Be2
{[%clk 0:19:13]} Nxd4 {[%clk 0:19:16]} 8. Nxd4 {[%clk 0:19:08]} Bc5
{[%clk 0:19:15]} 9. c3 {[%clk 0:18:58]} Bxd4 {[%clk 0:18:57]} 10. cxd4
{[%clk 0:18:55]} f5 {[%clk 0:18:50]} 11. O-O {[%clk 0:18:36]} Nf6
{[%clk 0:18:43]} 12. Re1 {[%clk 0:18:29]} Qh4 {[%clk 0:18:30]} 13. Bg4+
{[%clk 0:18:07]} Kf7 {[%clk 0:18:19]} 14. Qb3+ {[%clk 0:17:56]} Kg6
{[%clk 0:18:15]} 15. Bd1 {[%clk 0:17:29]} Re8 {[%clk 0:18:14]} 16. Rxe8
{[%clk 0:17:00]} Nxe8 {[%clk 0:18:01]} 17. Nd2 {[%clk 0:16:51]} Qxd4
{[%clk 0:17:59]} 18. Qg3+ {[%clk 0:16:40]} Kf7 {[%clk 0:17:41]} 19. Bb3+
{[%clk 0:16:32]} Kf8 {[%clk 0:17:22]} 20. Qg5 {[%clk 0:16:09]} Qxb2
{[%clk 0:17:15]} 21. Qxf5+ {[%clk 0:15:59]} Nf6 {[%clk 0:17:11]} 22. Rd1
{[%clk 0:15:31]} d6 23. Qd3 {[%clk 0:15:01]} Qe5 {[%clk 0:16:35]} 24. Nf3
{[%clk 0:14:39]} Qe7 {[%clk 0:16:28]} 25. Qc3 {[%clk 0:14:29]} Bg4
{[%clk 0:16:22]} 26. Re1 {[%clk 0:14:25]} Qf7 {[%clk 0:16:15]} 27. Bxf7
{[%clk 0:14:22]} 1-0

[Event "Nationale pupillendag 2013"]
[Site "Roosendaal"]
[Date "2013.06.15"]
[Round "6.6"]
[White "Willemse, Shamati"]
[Black "Elgersma, Onno"]
[Result "0-1"]
[LiveChessVersion "1.4.2"]
[BlackElo "492"]
[WhiteElo "626"]

1. e4 {[%clk 0:19:59]} e5 {[%clk 0:19:59]} 2. Nf3 {[%clk 0:19:58]} Bc5
{[%clk 0:19:56]} 3. Nxe5 {[%clk 0:19:53]} Qh4 {[%clk 0:19:54]} 4. Qf3
{[%clk 0:19:33]} Nf6 {[%clk 0:19:39]} 5. Bc4 {[%clk 0:19:29]} O-O
{[%clk 0:19:33]} 6. O-O {[%clk 0:19:23]} Bd6 {[%clk 0:19:24]} 7. h3
{[%clk 0:19:02]} Nc6 {[%clk 0:19:06]} 8. Nxf7 {[%clk 0:18:40]} Rxf7
{[%clk 0:18:56]} 9. Bxf7+ {[%clk 0:18:35]} Kxf7 {[%clk 0:18:55]} 10. d3
{[%clk 0:18:29]} Nd4 {[%clk 0:18:50]} 11. Qe3 {[%clk 0:18:13]} Nxc2
{[%clk 0:18:46]} 12. Qf3 {[%clk 0:17:59]} Nxa1 13. Bd2 {[%clk 0:17:47]} Be5
{[%clk 0:18:24]} 14. Nc3 {[%clk 0:17:26]} d6 {[%clk 0:18:21]} 15. Rxa1
{[%clk 0:16:38]} Qh5 {[%clk 0:17:36]} 16. Qe3 {[%clk 0:16:25]} Be6
{[%clk 0:16:55]} 17. d4 {[%clk 0:15:52]} Ng4 {[%clk 0:16:31]} 18. Qf3+
{[%clk 0:15:38]} Ke7 {[%clk 0:15:51]} 19. dxe5 {[%clk 0:15:23]} Rf8
{[%clk 0:15:12]} 20. Qg3 {[%clk 0:15:06]} Nxe5 {[%clk 0:14:27]} 21. Rf1
{[%clk 0:14:44]} Bc4 {[%clk 0:13:47]} 22. Re1 {[%clk 0:14:35]} Nd3
{[%clk 0:13:36]} 23. Rb1 {[%clk 0:14:13]} Nxf2 {[%clk 0:13:15]} 24. Be3
{[%clk 0:13:35]} Bd3 {[%clk 0:12:15]} 25. Rc1 {[%clk 0:13:20]} Nxe4
{[%clk 0:12:07]} 26. Qxg7+ {[%clk 0:12:42]} Rf7 {[%clk 0:11:51]} 27. Qd4
{[%clk 0:12:00]} Nxc3 {[%clk 0:11:20]} 28. Qxd3 {[%clk 0:11:42]} Nxa2 29. Qc4
{[%clk 0:11:24]} Rg7 {[%clk 0:10:49]} 30. Rc2 {[%clk 0:11:11]} Qxh3
{[%clk 0:10:42]} 31. Qe4+ {[%clk 0:10:59]} Kd7 {[%clk 0:10:17]} 32. Bd4
{[%clk 0:10:48]} Rg4 {[%clk 0:09:10]} 33. Qd5 {[%clk 0:10:32]} Qg3
{[%clk 0:08:03]} 34. Rd2 {[%clk 0:10:12]} Qe1+ {[%clk 0:07:58]} 35. Kh2
{[%clk 0:09:57]} Rh4# {[%clk 0:07:56]} 0-1